000 00554nam a2200217Ia 4500
003 OSt
005 20220928141101.0
006 a|||||r|||| 00| 0
007 ta
008 220927b |||||||| |||| 00| 0 eng d
024 _a13591
037 _cTextual
040 _aSDCL
_cSDCL
_beng
041 _2eng
_aeng
082 _aO-,6M54,1:g, L3
100 _aVickery John B
_9499034
245 0 _aLiterary impact of the golden bough.
260 _c1973
942 _hO-,6M54,1:g, L3
_cTEXL
_2CC
999 _c816000
_d816000